|
|
|
|
| LEADER |
02324nam a2200577 a 4500 |
| 001 |
nkc20051573294 |
| 003 |
CZ PrNK |
| 005 |
20051207150310.0 |
| 007 |
ta |
| 008 |
050624s2005 xr a f m 000 0 cze |
| 015 |
|
|
|a cnb001573294
|
| 020 |
|
|
|a 80-214-2964-X
|q (brož.)
|
| 035 |
|
|
|a (OCoLC)85156982
|
| 040 |
|
|
|a BOA001
|b cze
|d ABA001
|
| 041 |
0 |
|
|a cze
|b eng
|
| 072 |
|
7 |
|a 72
|x Architektura
|2 Konspekt
|9 21
|
| 080 |
|
|
|a 631.2
|2 MRF
|
| 080 |
|
|
|a 72
|2 MRF
|
| 080 |
|
|
|a 711.3
|2 MRF
|
| 080 |
|
|
|a 502.5
|2 MRF
|
| 080 |
|
|
|a (043.3)
|2 MRF
|
| 080 |
|
|
|a (048.3)
|2 MRF
|
| 100 |
1 |
|
|a Dýr, Petr,
|d 1958-
|7 mzk2005304387
|4 aut
|
| 245 |
1 |
0 |
|a Zemědělské stavby v České republice :
|b vývoj a budoucnost využití = Agricultural constructions in the Czech Republic - development and future utilization : zkrácená verze Ph.D. Thesis /
|c Petr Dýr
|
| 246 |
3 |
1 |
|a Agricultural constructions in the Czech Republic - development and future utilization
|
| 260 |
|
|
|a [Brno :
|b VUTIUM,
|c 2005]
|
| 300 |
|
|
|a 30 s. :
|b il. ;
|c 21 cm
|
| 490 |
1 |
|
|a Vědecké spisy Vysokého učení technického v Brně. PhD Thesis,
|x 1213-4198 ;
|v sv. 322
|
| 500 |
|
|
|a Zkrácená verze disertace (Ph.D.)--Vysoké učení technické v Brně, Fakulta architektury, 2005
|
| 504 |
|
|
|a Obsahuje bibliografii
|
| 546 |
|
|
|a Anglické resumé
|
| 650 |
0 |
7 |
|a zemědělské stavby
|7 ph127624
|2 czenas
|
| 650 |
0 |
7 |
|a architektura
|7 ph118586
|2 czenas
|
| 650 |
0 |
7 |
|a urbanismus
|7 ph116541
|2 czenas
|
| 650 |
0 |
7 |
|a krajinný ráz
|7 ph121925
|2 czenas
|
| 650 |
0 |
9 |
|a farm structures
|2 eczenas
|
| 650 |
0 |
9 |
|a architecture
|2 eczenas
|
| 650 |
0 |
9 |
|a landscape character
|2 eczenas
|
| 655 |
|
7 |
|a disertace
|7 fd132024
|2 czenas
|
| 655 |
|
7 |
|a teze
|7 fd133701
|2 czenas
|
| 655 |
|
9 |
|a dissertations
|2 eczenas
|
| 655 |
|
9 |
|a abstracts
|2 eczenas
|
| 710 |
2 |
|
|a Vysoké učení technické v Brně.
|b Fakulta architektury
|7 kn20010709415
|
| 810 |
2 |
|
|a Vysoké učení technické v Brně.
|t Vědecké spisy.
|p PhD Thesis
|0 s
|
| 910 |
2 |
|
|a BOA001
|b 2-1158.640
|
| 928 |
9 |
|
|a Vysoké učení technické v Brně
|
| 990 |
|
|
|a BK
|
| 995 |
|
|
|a 01
|
| 991 |
|
|
|b 200510
|c NOV
|
| 996 |
6 |
|
|b 2610260994
|c 2-1158.640
|l MZK
|r Sklad / do 1 hodiny
|n 0
|p p.v.
|w 000791113
|u 000010
|a 1
|e BOA001
|j MZK50
|s P
|
| 996 |
7 |
|
|b 2610260995
|c 2-1158.640
|l MZK
|r Sklad / do 1 hodiny
|n 8
|p p.v.
|w 000791113
|u 000020
|a 1
|e BOA001
|j MZK50
|s A
|